Statistics for Филмови Марвеловог филмског универзума

Click here to take the quiz!

General Stats

  • This quiz has been taken 24 times
  • The average score is 15 of 23

Answer Stats

Година Филм % Correct
2008Невероватни Хулк
100%
2008Ајронмен
94%
2011Тор
88%
2011Капетан Америка: Први осветник
88%
2018Црни Пантер
82%
2017Спајдермен: Повратак кући
82%
2012Осветници
76%
2010Ајронмен 2
65%
2013Ајронмен 3
65%
2014Чувари галаксије
65%
2017Тор: Рагнарок
65%
2017Чувари галаксије 2
59%
2019Капетан Марвел
59%
2019Осветници: Крај игре
53%
2015Антмен
53%
2016Доктор Стрејнџ
53%
2014Капетан Америка: Зимски војник
53%
2019Спајдермен: Далеко од куће
53%
2016Капетан Америка: Грађански рат
47%
2015Осветници: Ера Алтрона
47%
2018Осветници: Рат бескраја
47%
2018Антмен и Оса
47%
2013Тор: Мрачни свет
41%

Score Distribution

Percentile by Number Answered

Percent of People with Each Score

Your Score History

You have not taken this quiz